Workers, unions and the state
Guardado en:
| Autor principal: | |
|---|---|
| Formato: | Libro |
| Lenguaje: | Undetermined |
| Publicado: |
London
Routledge & K. Paul
1966
|
| Materias: | |
| Etiquetas: |
Agregar Etiqueta
Sin Etiquetas, Sea el primero en etiquetar este registro!
|
| Thư viện lưu trữ: | Trung tâm Học liệu Trường Đại học Cần Thơ |
|---|
| LEADER | 00523nam a2200193Ia 4500 | ||
|---|---|---|---|
| 001 | CTU_87956 | ||
| 008 | 210402s9999 xx 000 0 und d | ||
| 082 | |a 331 | ||
| 082 | |b W937 | ||
| 100 | |a Wootton, Graham | ||
| 245 | 0 | |a Workers, unions and the state | |
| 245 | 0 | |c Graham Wootton | |
| 260 | |a London | ||
| 260 | |b Routledge & K. Paul | ||
| 260 | |c 1966 | ||
| 650 | |a Labor unions,Working class | ||
| 650 | |z Great Britain,Great Britain | ||
| 904 | |i Năm | ||
| 980 | |a Trung tâm Học liệu Trường Đại học Cần Thơ | ||